| 000 | 00955cam a2200313 i 4500 | ||
|---|---|---|---|
| 999 |
_c200443462 _d61674 |
||
| 001 | 200443462 | ||
| 003 | TR-AnTOB | ||
| 005 | 20211020170934.0 | ||
| 007 | ta | ||
| 008 | 211020s2020 tu 000 0 tur d | ||
| 020 | _a9789753071079 | ||
| 040 |
_aTAÜ _beng _erda _cTAÜ _dTR-IsYBT _dTR-AnTOB |
||
| 041 | 0 | _atur | |
| 050 | 1 | 4 | _aKZ1301 |
| 090 |
_aKZ1301 _b.C375 2020 |
||
| 100 |
_aCasın, Mesut Hakkı _eauthor _916972 |
||
| 245 | 1 | 0 |
_aUluslararası andlaşmalar hukuku / _cProf. Dr. Mesut Hakkı Caşın. |
| 250 | _a1. Baskı, İstanbul, 2020 | ||
| 264 | 1 |
_aİstanbul : _bYeditepe Üniversitesi, _c2020. |
|
| 264 | 4 | _c©2020 | |
| 300 |
_a1295 pages ; _c24 cm |
||
| 336 |
_atext _btxt _2rdacontent |
||
| 337 |
_aunmediated _bn _2rdamedia |
||
| 338 |
_avolume _bnc _2rdacarrier |
||
| 490 | 0 |
_aYeditepe Üniversitesi Yayınevi ; _v40 |
|
| 650 | 7 |
_aUluslararası Yükümlülükler _2etuturkob _914737 |
|
| 942 |
_2lcc _cBK |
||